UM Logo

The Expatriates: Stories of UMDC Political Science Students Who Shifted to Other Degrees. (Record no. 6337)

MARC details
000 -LEADER
fixed length control field 00474nam a22001337a 4500
008 - FIXED-LENGTH DATA ELEMENTS--GENERAL INFORMATION
fixed length control field 170307b xxu||||| |||| 00| 0 eng d
082 ## - DEWEY DECIMAL CLASSIFICATION NUMBER
Edition number 2016
Classification number UT 0671
Item number M52
100 ## - MAIN ENTRY--PERSONAL NAME
9 (RLIN) 19015
Personal name Mendez, Angie.
245 ## - TITLE STATEMENT
Title The Expatriates: Stories of UMDC Political Science Students Who Shifted to Other Degrees.
Statement of responsibility, etc. Angie Mendez.
300 ## - PHYSICAL DESCRIPTION
Extent 61 pages;
Other physical details 29 cm.
650 #0 - SUBJECT ADDED ENTRY--TOPICAL TERM
9 (RLIN) 19017
Topical term or geographic name as entry element Liberal Arts
Form subdivision Political Science
General subdivision Undergraduate Thesis.
700 ## - ADDED ENTRY--PERSONAL NAME
9 (RLIN) 19018
Personal name Mendez, Angie.
942 ## - ADDED ENTRY ELEMENTS (KOHA)
Source of classification or shelving scheme Dewey Decimal Classification
Koha item type Undergraduate Thesis
Holdings
Withdrawn status Lost status Source of classification or shelving scheme Damaged status Not for loan Home library Current library Date acquired Total Checkouts Full call number Barcode Date last seen Price effective from Koha item type
    Dewey Decimal Classification     UM Digos College - LIC UM Digos College - LIC 03/07/2017   UT 0671 M52 2016 UT0671 03/07/2017 03/07/2017 Undergraduate Thesis